| 000 | 00936nam a2200205Ia 4500 | ||
|---|---|---|---|
| 001 | dg77-35222 | ||
| 003 | IT-MiCISF | ||
| 008 | 161014s9999||||xx |||||||||||||| ||und|| | ||
| 040 |
_aIT-MiCISF _cIT-MiCISF |
||
| 041 | _ait | ||
| 100 | _aAA.VV. | ||
| 245 | 0 |
_aGenitorialità come bene di tutti. Percorsi di condivisione e responsabilità nella comunità locale _bAtti del convegno, Bergamo, 17 febbraio 2001 |
|
| 250 | _a1a ed. | ||
| 260 |
_aBergamo _bProvincia di Bergamo _c2002 |
||
| 300 | _app. 239 | ||
| 500 | _aGruppo di studio "Genitori e genitorialità" (a cura di) - Bettoni V., Speranza B., Gherardi S., Callone A., Carminati L., Nilges F., Belotti L., Marchesi M.C., Testa B., Zara S., Pietropolli Charmet G., Torrese E., Nicoli C., Assi E., Maurizio R.... / genitorialità, società, educazione-genitori, servizi-sociali, esperienze / documento | ||
| 650 | _agenitorialità | ||
| 942 | _cBK | ||
| 957 | _71 | ||
| 999 |
_a35222 _bsi _g1 _c209124 _d209124 |
||